Spline functions : proceedings of an international symposium held at Karlsruhe, Germany, May 20-23, 1975

Αποθηκεύτηκε σε:
Λεπτομέρειες βιβλιογραφικής εγγραφής
Άλλοι συγγραφείς: Bohmer, K. (Klaus), 1936- (Επιμελητής έκδοσης), Meinardus, Günther, 1926- (Επιμελητής έκδοσης), Schempp, W. (Walter), 1938- (Επιμελητής έκδοσης)
Μορφή: Βιβλίο
Γλώσσα:English
Δημοσίευση: Berlin ; New York : Springer-Verlag, 1976.
Σειρά:Lecture notes in mathematics (Springer-Verlag) 501
Θέματα:
Ετικέτες: Προσθήκη ετικέτας
Δεν υπάρχουν, Καταχωρήστε ετικέτα πρώτοι!

MARC

LEADER 00000nam a2200000 a 4500
001 1/126417
008 230404t1976####gw | ||| |||| ||eng||
020 |a 3540075437 
020 |a 0387075437 
040 |a GR-MyUa  |b gre  |c GR-MyUa  |e AACR2 
041 0 |a eng 
082 7 |a 511.4223  |2 (23) 
245 1 0 |a Spline functions :   |b proceedings of an international symposium held at Karlsruhe, Germany, May 20-23, 1975 /   |c edited by K. Böhmer, G. Meinardus, and W. Schempp.  
260 |a Berlin ; New York :   |b Springer-Verlag,   |c 1976.  
300 |a vi, 421 σ. ;   |c 25 εκ.  
490 1 |a (Lecture notes in mathematics ;   |v 501)  
504 |a Περιέχει βιβλιογραφικές αναφορές.  
650 0 |a Spline theory  |x Congresses. 
700 1 |a Bohmer, K.   |q (Klaus),   |d 1936-  |e edt 
700 1 |a Meinardus, Günther,   |d 1926-  |e edt 
700 1 |a Schempp, W.   |q (Walter),   |d 1938-  |e edt 
830 0 |a Lecture notes in mathematics (Springer-Verlag)  |v 501 
852 |a INST  |b SAMOS  |e 20230404  |h 511.4223 SPL  |p 005300048038  |q 005300048038  |t BK  |y 0 
970 |a Κοσιέρης  |b Χρήστος  |z 04-04-2023